Culture Générale - Série 258 - Statistiques

Statistiques générales
  • Ce quiz a été pris 403 fois
  • Le résultat moyen est 6 sur 10
Statistiques - réponses
Question Réponse % Correct
Avec quel pays l'Argentine se partage-t-elle la Patagonie ? Le Chili
92%
A quelle fréquence la Coupe du monde de rugby se dispute-t-elle ? Tous les 4 ans
91%
Dans quelle ville se situe l'action de la série "NYPD Blue" ? New York
87%
Qui prononce en 1963 le mythique : "Ich bin ein Berliner" ? John Fitzgerald Kennedy
81%
Quel animal figure sur les pièces allemandes de 1 euro ? Un aigle
61%
Dans quel sport Tony Estanguet gagne-t-il une médaille d'or aux JO d'Athènes ? Le canoë-kayak
54%
Quel conte de 1757 a été mis en image par Jean Cocteau, avec Jean Marais dans le 1er rôle ? La Belle et la Bête
52%
Au tarot, quelle carte se situe entre le valet et la dame ? Le cavalier
51%
A quel type de chapeau associe-t-on Maurice Chevalier ? Le canotier
45%
A quel humoriste doit-on le sketch des "Pâtes à la Boudoni" ? Alex Métayer
9%
Aucun quiz correspondant
Distribution des résultats
% des personnes avec chaque résultat
Percentile par nombre de réponses
Votre historique - résultats
Vous n’avez pas pris ce quiz